000 00381 a2200169 4500
001 192558
020 _a978-85-62189-13-5
040 _cMagnum
100 _aCarvalho, Luiza Teixeira
240 1 0 _aNa dança da vida
_lpor
245 1 0 _aNa dança da vida
300 _a87
362 0 _a2016
440 1 _aVia Comunicação Editora
697 _aLITERATURA GERAL
942 _cBK
999 _c192558
_d192558